000 00368nam a2200157Ia 4500
003 OSt
005 20240130104554.0
008 170523s9999 xx 000 0 und d
020 _a978-9350245767
040 _ciimt university meerut
100 _aGOPAL KRISHNA
245 0 _aMANAGERIAL ECONOMICS
260 _bHIMALAYA PUBLICATION
260 _c1994
942 _2ddc
_c02
999 _c189
_d189